000 03048aam a22002051 4500
999 _c8108
_d8108
020 _a9781455770168
050 _aQP34.5
_b.G99
100 _aGuyton, Arthur C.
245 _aTextbook of medical physiology
_cArthur C. Guyton & John E. Hall.
250 _a13th ed.
260 _aPhiladelphia
_bElsevier Saunders
_c2016
300 _axix, 1145p. : ill.;
_c26cm
500 _aIncludes bibliographical references and index.
505 _aUNIT I Introduction to physiology: The Cell and General Physiology Chapter 1: Functional Organization of the human body and Control of the "Internal Environment" Chapter 2: The Cell and Its Functions Chapter 3: Genetic Control and Protein Synthesis, Cell Function, and Cell Reproduction UNIT II Chapter 4: Transport of Substances Through Cell Membranes Chapter 5: Membrane Potentials and Action Potentials Chapter 6 : Contraction of Skeletal Muscle Chapter7. Excitation of Skeletal Muscle : Neuromuscular Transmission and Excitation-Contraction Coupling Chapter 8 : Excitation and Contraction of Smooth Muscle UNIT III Chapter 9 : Cardiac Muscle; the Heart as a Pump and Function of the Heart Valves Chapter 10: Rhythmical Excitation of the Heart Chapter 11 : The Normal Electrocardiogram Chapter 12 : Electrocardiographic Interpretation of Cardiac Muscles and Coronary Blood Flow Abnormalities: Vectorial Analysis Chapter 13: Cardiac Arrhythmias and Their Electrocardiographic Interpretation UNIT IV Chapter 14: Overview of the Circulation; Biophysics of Pressure, Flow, and Resistance Chapter 15 : Vascular Distensibility and Functions of the Arterial and Venous Systems Chapter 16: The Microcirculation and Lymphatic System: Capillary Fluid Exchange, Interstitial Chapter 17 : Local and Humoral Control Tissue Blood Flow Chapter 18 : Nervous Regulation of the Circulation and Rapid Control of Arterial Pressure Chapter 19: Role of the Kidney in Long-Term Control of Arterial Pressure and in Hypertension: The Integrated System for Arterial Pressure Regulation Chapter 20 : Cardiac Output, Venous Return, and Their Regulation Chapter 21: Muscle Blood Flow and Cardiac Output During Exercise; the Coronary Circulation and Ischemic Heart Disease Chapter 22: Cardiac Failure Chapter 23 : Heart Valves and Heart Sounds: Valvular and Congenital Heart Defects Chapter 24: Circulatory Shock and Its Treatment UNIT V : The Body Fluids and Kidney UNIT VI : Blood Cells, Immunity, and Blood Coagulation UNIT VII : Respiration UNIT VIII: Aviation, Space, and Deep-Sea Diving Physiology UNIT IX : The Nervous System: A. General Principles and Sensory Physiology UNIT X: The Nervous System : B. The Special Senses UNIT XI: The Nervous System : C. Motor and Integrative Neurophysiology UNIT XII : Gastrointestinal Physiology UNIT XIII: Metabolism and Temperature Regulation UNIT XIV : Endocrinology and Reproduction
650 _aTextbook of Medical Physiology
650 _aPhysiological Phenomena
650 _aNursing
700 _aHall, John E.
942 _cBK